¿Por qué Querer un Hijo Doctor? : Análisis de los Problemas del Gato /
Analiza sociocríticamente un relato en que se despliega la historia social contempóranea de Costa Rica a través de una de sus instituciones más populares: la pulpería. Pequeño almacén de aborrotes cuya decadencia y extinción anuncia metonímicamente el advenimiento de una nueva estructura social, nue...
Guardado en:
| Hovedforfatter: | |
|---|---|
| Format: | Ukendt |
| Sprog: | Spanish |
| Fag: | |
| Tags: |
Tilføj Tag
Ingen Tags, Vær først til at tagge denne postø!
|
MARC
| LEADER | 000000000a22000000004500 | ||
|---|---|---|---|
| 001 | 009356 | ||
| 041 | 0 | |a spa | |
| 100 | 1 | |a Amoretti Hurtado, María Gertrudis | |
| 245 | 1 | 1 | |a ¿Por qué Querer un Hijo Doctor? : |b Análisis de los Problemas del Gato / |c María Gertrudis Amoretti Hurtado. |
| 310 | |a semestral | ||
| 520 | |a Analiza sociocríticamente un relato en que se despliega la historia social contempóranea de Costa Rica a través de una de sus instituciones más populares: la pulpería. Pequeño almacén de aborrotes cuya decadencia y extinción anuncia metonímicamente el advenimiento de una nueva estructura social, nuevos grupos y nuevos estilos de vida, que habrán de imponerse con el sacrificio y la desaparición de otros. | ||
| 650 | 4 | |a MORA RODRIGUEZ, VIRGILIO A. | |
| 650 | 4 | |a LOS PROBLEMAS DEL GATO | |
| 650 | 4 | |a CRITICAS | |
| 773 | 0 | |x 0377-628X |d San José, Costa Rica : Editorial de la Universidad de Costa Rica |t Revista de Filología y Lingüística de la Universidad de Costa Rica |g volumen XXVII, número 1 (2001), páginas 39-52 | |
| 942 | |c ARC | ||
| 999 | |c 15230 |d 15230 | ||
